000 00450nam a2200169Ia 4500
003 GCL
008 140319s9999 xx 000 0 eng d
040 _aGCL /
_cGCL
082 0 4 _a821.409
_bP E
100 1 _aPARFITT, GEORGE
245 1 0 _aENGLISH POETRY OF THE SEVENTEENTH CENTURY /
_cPARFITT, GEORGE
260 _a[S.N] :
_bLONGMAN ،
_c1992
300 _a288 P
650 0 4 _aENGLISH POETRY
650 0 4 _aHISTORY AND CRITICISM
942 _2ddc
_cBK
999 _c23859
_d23859